=LDR 00000nam 2200000 4500 =001 INLIS000000000047336 =005 20151013163116.0 =006 =007 =008 =020 ##$$a 978-602-8219-67-9 =035 ##$$0010-101500000000047 =040 ##$$a ind =082 ##$$a 581 =090 ##$$a 581 $b Sus k =100 ##$$a Susi =245 ##$$a Keanekaragaman hayati =250 ##$$a cet. 1 =260 ##$$a jakarta $b Nobel Edumedia $c 2008 =300 ##$$a vi, 130 hlm $b 23 cm =850 ##$$a NBPDMAT =990 ##$$a 0001/BPAP-NTB/2015